|
|
|
|
| LEADER |
01416nam a2200337 a 4500 |
| 001 |
17688 |
| 003 |
BD-DhAAL |
| 005 |
20231219111153.0 |
| 008 |
231219t1994 enka b 001 0 eng |
| 010 |
|
|
|a 93010251
|
| 020 |
|
|
|a 0521393051 (hardback)
|
| 020 |
|
|
|a 0521459842 (pbk.)
|
| 020 |
|
|
|a 9780521459846
|
| 040 |
|
|
|a DLC
|c DLC
|d DLC
|d BD-DhAAL
|
| 050 |
0 |
0 |
|a HQ1190
|b .S95 1994
|
| 082 |
0 |
0 |
|a 305.4201
|2 20
|
| 100 |
1 |
|
|a Sylvester, Christine,
|d 1949-
|9 55841
|
| 245 |
1 |
0 |
|a Feminist theory and international relations in a postmodern era /
|c Christine Sylvester.
|
| 260 |
|
|
|a Cambridge [England] ;
|a New York :
|b Cambridge University Press,
|c 1994.
|
| 300 |
|
|
|a xi, 265 pages :
|b illustrations ;
|c 24 cm.
|
| 490 |
|
|
|a Cambridge studies in international relations ;
|v 32
|
| 504 |
|
|
|a Includes bibliographical references (p. 240-261) and index.
|
| 541 |
|
|
|a Complimentary copy from ENH
|e 17688
|
| 650 |
|
0 |
|a Feminist theory.
|
| 650 |
|
0 |
|a Women
|x Political activity.
|
| 650 |
|
0 |
|a International relations.
|
| 830 |
|
|
|a Cambridge studies in international relations ;
|v 32
|9 55842
|
| 852 |
|
|
|a Ayesha Abed Library
|c General Stacks
|
| 942 |
|
|
|2 ddc
|c BK
|
| 999 |
|
|
|c 46254
|d 46254
|
| 952 |
|
|
|0 0
|1 0
|2 ddc
|4 0
|6 305_420100000000000_SYL
|7 0
|9 74873
|a BRACUL
|b BRACUL
|c GEN
|d 2023-12-19
|e Complimentary copy from ENH
|l 0
|o 305.4201 SYL
|p 3010017688
|r 2023-12-19
|t 1
|w 2023-12-19
|y BK
|x Transferred from ENH to Ayesha Abed library on 20/12/2023
|